LEADER 01711nam 2200493 450 001 9910828956303321 005 20230801234615.0 010 $a88-921-5173-8 035 $a(CKB)3710000000453286 035 $a(EBL)2098646 035 $a(SSID)ssj0001576139 035 $a(PQKBManifestationID)16245215 035 $a(PQKBTitleCode)TC0001576139 035 $a(PQKBWorkID)14854659 035 $a(PQKB)10150716 035 $a(MiAaPQ)EBC2098646 035 $a(EXLCZ)993710000000453286 100 $a20150730h20122012 uy 0 101 0 $aita 135 $aur|n|---||||| 181 $ctxt 182 $cc 183 $acr 200 10$aContro il paternalismo giuridico /$fGiorgio Maniaci 210 1$aTurin, [Italy] :$cG. Giappichelli Editore,$d2012. 210 4$d©2012 215 $a1 online resource (227 p.) 225 1 $aAnalisi e Diritto. Serie Teorica ;$v94 300 $aDescription based upon print version of record. 311 $a88-348-2964-6 320 $aIncludes bibliographical references. 327 $aCover; Quartino; Dedica; Indice; Guida per riconoscere i paternalisti; Capitolo I - Cos'e? il paternalismo giuridico; Capitolo II - Argomenti pro e contro il paternalismo; Capitolo III - Il lato oscuro dell'antipaternalismo; Bibliografia; Ultimato di Stampare; Volumi della collana 410 0$aAnalisi e diritto; A cura di P. Comanducci e R. Guastini 606 $aPaternalism 615 0$aPaternalism. 676 $a364.973 700 $aManiaci$b Giorgio$0297828 801 0$bMiAaPQ 801 1$bMiAaPQ 801 2$bMiAaPQ 906 $aBOOK 912 $a9910828956303321 996 $aContro il paternalismo giuridico$9265172 997 $aUNINA LEADER 02076nam0 22004453i 450 001 IEI0024840 005 20251003044156.0 020 $aIT$b1955 10519 090 $a554761 100 $a19900709d1953 ||||0itac50 ba 101 | $aita 102 $ait 181 1$6z01$ai $bxxxe 182 1$6z01$an 200 1 $aIo cittadino dello stato democratico$fSimmaco 210 $aRoma$cAtlante$d[1953] 215 $a144 p.$d19 cm. 225 | $aCollana di divulgazione democratica$fa cura del Centro di Documentazione della Presidenza del Consiglio dei Ministri$v2 410 0$1001RAV0135433$12001 $aCollana di divulgazione democratica$fa cura del Centro di Documentazione della Presidenza del Consiglio dei Ministri$v2 606 $aItalia$xGoverno$2FIR$3CFIC004999$9E 606 $aItalia$xOrdinamento istituzionale$2FIR$3CFIC026446$9E 676 $a320.445$9STRUTTURA, FUNZIONI, ATTIVITA DEL GOVERNO. Italia$v19 676 $a320.445$9Struttura e forma del governo. Italia$v22 676 $a320.445$9STRUTTURA E FUNZIONI DEL GOVERNO. Italia$v23 676 $a321.8$9FORME DEMOCRATICHE$v20 676 $a323$9DIRITTI CIVILI E POLITICI$v21 686 $aIT/3420.1$cPRIMO DOPOGUERRA ITALIA 1945-1948$2R 686 $aX00.2$cASPETTI CULTURALI ED IDEOLOGICI$2R 696 $aOrdinamento politico 699 $aOrdinamento istituzionale$zOrdinamento politico 700 0$aSimmaco$c $3IEIV013783$4070$01745467 801 3$aIT$bIT-000000$c19900709 850 $aIT-BN0095 $aIT-NA0079 $aIT-BN0015 901 $bNAP BN$cF.PONTIERI$nIl Fondo è escluso dal servizio di prestito. La consegna dei documenti è effettuata dall'Ufficio Distribuzione 901 $bNAP 01$cDEMARCO $n$ 912 $aIEI0024840 950 0$aBiblioteca Centralizzata di Ateneo$c1 v.$d 01DEMARCO MON. 25$e 01 0000096945 VMA 1 v.$fA $h20230503$i20240712 977 $a 01$a BN$a PB 996 $aIo cittadino dello stato democratico$94176322 997 $aUNISANNIO